Billboard Hot 100 #1 Hits of 1974 - Statistics

General Stats
  • This quiz has been taken 22 times
  • The average score is 23 of 52
Answer Stats
Issue Date #1 Hit Artist % Correct
December 7 Kung Fu Fighting Carl Douglas
86%
December 14 Kung Fu Fighting Carl Douglas
86%
March 2 Seasons in the Sun Terry Jacks
86%
March 9 Seasons in the Sun Terry Jacks
86%
March 16 Seasons in the Sun Terry Jacks
86%
January 12 The Joker Steve Miller Band
86%
December 21 Cat's in the Cradle Harry Chapin
64%
June 29 Sundown Gordon Lightfoot
64%
May 18 The Streak Ray Stevens
57%
May 25 The Streak Ray Stevens
57%
June 1 The Streak Ray Stevens
57%
January 26 You're Sixteen Ringo Starr
57%
June 8 Band on the Run Paul McCartney & Wings
50%
March 23 Dark Lady Cher
50%
September 14 I Shot the Sheriff Eric Clapton
50%
January 5 Time in a Bottle Jim Croce
50%
December 28 Angie Baby Helen Reddy
43%
April 13 Bennie and the Jets Elton John
43%
April 6 Hooked on a Feeling Blue Swede
43%
November 23 I Can Help Billy Swan
43%
November 30 I Can Help Billy Swan
43%
September 28 Rock Me Gently Andy Kim
43%
July 6 Rock the Boat The Hues Corporation
43%
February 2 The Way We Were Barbra Streisand
43%
February 16 The Way We Were Barbra Streisand
43%
February 23 The Way We Were Barbra Streisand
43%
November 9 You Ain't Seen Nothing Yet Bachman–Turner Overdrive
43%
July 27 Annie's Song John Denver
36%
August 3 Annie's Song John Denver
36%
June 15 Billy Don't Be a Hero Bo Donaldson and The Heywoods
36%
June 22 Billy Don't Be a Hero Bo Donaldson and The Heywoods
36%
October 5 I Honestly Love You Olivia Newton-John
36%
October 12 I Honestly Love You Olivia Newton-John
36%
May 4 The Loco-Motion Grand Funk
36%
May 11 The Loco-Motion Grand Funk
36%
October 26 Then Came You Dionne Warwick & The Spinners
36%
August 17 The Night Chicago Died Paper Lace
36%
August 24 (You're) Having My Baby Paul Anka & Odia Coates
36%
August 31 (You're) Having My Baby Paul Anka & Odia Coates
36%
September 7 (You're) Having My Baby Paul Anka & Odia Coates
36%
September 21 Can't Get Enough of Your Love, Babe Barry White
29%
August 10 Feel Like Makin' Love Roberta Flack
29%
February 9 Love's Theme Love Unlimited Orchestra
29%
October 19 Nothing From Nothing Billy Preston
29%
July 13 Rock Your Baby George McCrae
29%
July 20 Rock Your Baby George McCrae
29%
April 20 TSOP (The Sound of Philadelphia) MFSB & The Three Degrees
29%
April 27 TSOP (The Sound of Philadelphia) MFSB & The Three Degrees
29%
November 16 Whatever Gets You thru the Night John Lennon
29%
January 19 Show and Tell Al Wilson
21%
March 30 Sunshine On My Shoulders John Denver
21%
November 2 You Haven't Done Nothin' Stevie Wonder
21%
No matching quizzes found
Score Distribution
Percent of People with Each Score
Percentile by Number Answered
Your Score History
You have not taken this quiz